LEADER 01769nam 2200433 n 450 001 996385067703316 005 20200818213800.0 035 $a(CKB)4940000000068927 035 $a(EEBO)2240917083 035 $a(UnM)99855590e 035 $a(UnM)99855590 035 $a(EXLCZ)994940000000068927 100 $a19920902d1635 uy | 101 0 $alat 135 $aurbn||||a|bb| 200 10$aBellum grammaticale, sive, Nominum verborumq[ue], discordia civilis tragico-com?dia$b[electronic resource] $eSummo cum applausu olim apud Oxonienses in scænam producta, & nunc in omnium illorum qui ad gra[m]maticam animos appellunt oblectamentum edita 210 $aLondini $cExcudebant B. A[lsop] & T. F[awcet] Impensis Ioh. Spenceri$d1635 215 $a[12], 66 p 300 $aA dramatized version of: Guarna, Andrea. Bellum grammaticale nominis & verbi regum, de principalitate orationis inter se contendentium. 300 $aThe dramatization sometimes attributed to Leonard Hutton. 300 $aPrinters' names from STC. 300 $aErrata on A7r. 300 $aReproduction of the original in the Folger Shakespeare Library. 330 $aeebo-0055 606 $aLatin language$xGrammar$vEarly works to 1800 606 $aLatin language$xGrammar$xHumor$vEarly works to 1800 615 0$aLatin language$xGrammar 615 0$aLatin language$xGrammar$xHumor 700 $aGuarna$b Andrea$0479360 701 $aSpencer$b John$fd. 1680.$01003384 702 $aHutton$b Leonard 801 0$bCu-RivES 801 1$bCu-RivES 801 2$bCStRLIN 801 2$bWaOLN 906 $aBOOK 912 $a996385067703316 996 $aBellum grammaticale, sive, Nominum verborumq, discordia civilis tragico-com?dia$92327217 997 $aUNISA LEADER 02966oam 2200601 c 450 001 9910563070403321 005 20240525094506.0 024 7 $a10.3726/b12795 035 $a(CKB)4340000000238784 035 $a(oapen)https://directory.doabooks.org/handle/20.500.12854/29910 035 $a(PH02)9783954792108 035 $a(oapen)doab29910 035 $a(EXLCZ)994340000000238784 100 $a20240525d1988 uy 0 101 0 $ager 135 $aurnnunnnannuu 181 $ctxt$2rdacontent 182 $cc$2rdamedia 183 $acr$2rdacarrier 200 10$aFrequenzlisten zur Lyrik von Miko?aj Se?p Szarzyn?ski, Jan Jurkowski und Szymon Szymonowic und das Problem der statistischen Autorschaftsanalyse$fMichael Fleischer 205 $a1st, New ed. 210 $aFrankfurt a.M$cPH02$d1988 215 $a1 online resource (336 p.)$c, EPDF 225 0 $aSlavistische Beitra?ge$v231 300 $aPeter Lang GmbH, Internationaler Verlag der Wissenschaften 311 08$a3-95479-210-9 327 $aEinfu?hrung - Ziele, Methoden, Hypothesen - Analyse der Lyrik von Miko?aj Se?p Szarzynski - Analyse der Grundwortformen bei Miko?aj Se?p Szarzynski - Der hypothetische Text von Miko?aj Se?p Szarzynski - Analyse der ungeku?rzten Vergleichstexte von Jan Jurkowski und Szymon Szymonowic - Analyse der geku?rzten Vergleichstexte von Jan Jurkowski und Szymon Szymonowic - Vergleich der Rangpositionen und Wortartha?ufigkeiten bei Miko?aj Se?p Szarzynski, Jan Jurkowski und Szymon Szymonowi? - Homogenita?tstests - Frequenzlisten - Frequenzlisten zur Lyrik von Miko?aj Se?p Szarzynski, Jan Jurkowski und Szymon Szymonowic 330 $aDer Ausgangspunkt und die Grundlage dieser Untersuchung ist die Herstellung von Ha?ufigkeitslisten zur gesamten Lyrik des polnischen Barockdichters Miko?aj Se?p Szarzyn?ski (geb. um 1550-1581) (der allerdings am U?bergang von der Renaissance zum Barock anzusiedeln ist). Diese Listen ko?nnen als Basis fu?r verschiedene Analysen genutzt werden, man kann mit ihrer Hilfe sehr unterschiedliche Probleme angehen. 606 $aLiterature & literary studies$2bicssc 610 $aAutorschaftsanalyse 610 $aFleischer 610 $aFrequenzlisten 610 $aJurkowski 610 $aLinguistik 610 $aLiteraturwissenschaft 610 $aLyrik 610 $aMiko?aj 610 $aPhilologie 610 $aPolen 610 $aProblem 610 $aSlavische Sprachwissenschaft 610 $astatistischen 610 $aSzarzy?ski 610 $aSzymon 610 $aSzymonowic 615 7$aLiterature & literary studies 700 $aFleischer$b Michael$4aut$01291820 801 0$bPH02 801 1$bPH02 906 $aBOOK 912 $a9910563070403321 996 $aFrequenzlisten zur Lyrik von Miko?aj S?p Szarzy?ski, Jan Jurkowski und Szymon Szymonowic und das Problem der statistischen Autorschaftsanalyse$93022410 997 $aUNINA